Phobias Click Quiz: G - Statistics

General Stats
  • This quiz has been taken 104 times
  • The average score is 7 of 15
Answer Stats
Hint Answer % Correct
Fear of Germany or Germans Germanophobia
98%
Fear of the elderly Gerontophobia
65%
Fear of writing Graphophobia
65%
Fear of adult women Gynophobia
65%
Fear of balloons Globophobia
61%
Fear of France or French culture Gallophobia
59%
Fear of speaking in public Glossophobia
55%
Fear of marriage Gamophobia
39%
Fear of nudity Gymnophobia
39%
Fear of knees or kneeling Genuphobia
35%
Fear of aging Gerascophobia
33%
Fear of chins Geniophobia
27%
Fear of bridges Gephyrophobia
24%
Fear of being laughted at Gelotophobia
16%
Fear of taste Geumophobia
16%
No matching quizzes found
Score Distribution
Percent of People with Each Score
Percentile by Number Answered
Your Score History
You have not taken this quiz